Literature craft and voice. Volume 1: Fiction

שמור ב:
מידע ביבליוגרפי
מחבר ראשי: Delbanco, Nicholas
מחברים אחרים: Cheuse, Alan.
פורמט: ספר
שפה:English
יצא לאור: Boston McGraw-Hill 2010
מהדורה:1st ed.
נושאים:
תגים: הוספת תג
אין תגיות, היה/י הראשונ/ה לתייג את הרשומה!
Thư viện lưu trữ: Mạng thư viện Đại học Đà Nẵng
LEADER 01333nam a2200337 4500
001 000021323
003 17770
005 20150417080448.0
008 150417s2010 engsd
020 |a 9780077214241 (v. 2 : acid-free paper)  |a 0077214242 (v. 2 : acid-free paper)  |a 9780073104447 (v. 1 : acid-free paper)  |a 0073104442 (v. 1 : acid-free paper)  |a 9780077214227 (v. 3 : acid-free paper) 
041 0 |a eng 
082 1 4 |a 800|222  |b DE-N 
100 1 |a Delbanco, Nicholas  |q (Martin Stuart) 
245 1 0 |a Literature  |b craft and voice. Volume 1: Fiction  |c Nicholas Delbanco, Alan Cheuse 
250 |a 1st ed. 
260 |a Boston  |b McGraw-Hill  |c 2010 
300 |a 3 v.  |b col. ill.  |c 26 cm. 
500 |a 3 vols. planned: v. 1. Fiction -- v. 2. Poetry -- v. 3. Drama.  |a Includes index 
650 0 |a Literature 
653 |a Văn học 
700 1 |a Cheuse, Alan.  |q (Omer Lee) 
OWN |a LSP 
AVA |a UDN50  |b LSP  |d 800|222 DE-N  |e available  |t Error 5001 Not defined in file expand_doc_bib_avail.  |f 1  |g 0  |h N  |i 0  |k 1 
999 |a From the UDN01 
AVA |a UDN50  |b LSP  |d 800|222 DE-N  |e available  |t Error 5001 Not defined in file expand_doc_bib_avail.  |f 1  |g 0  |h N  |i 0  |k 1 
TYP |a Monograph 
TYP |a Printed language 
980 |a Mạng thư viện Đại học Đà Nẵng